| 000 | 00509nam a2200181Ia 4500 | ||
|---|---|---|---|
| 005 | 20250610122118.0 | ||
| 008 | 008 250516s9999 xx 000 0 eng d | ||
| 020 | _a9780231206259 | ||
| 040 |
_beng _cSDCL |
||
| 041 |
_aeng _2eng |
||
| 084 | _aO-6L59x R3 | ||
| 100 |
_aWolfson, Susan J. _9491079 |
||
| 245 | 0 | _aOn Mary Wollstonecraft's a vindication of the rights of woman | |
| 260 |
_aN Y: _bColumbia University Press, _c2023. |
||
| 300 | _axiv,185p. | ||
| 650 | _aPhilosophy | ||
| 942 |
_cTEXL _2CC |
||
| 999 |
_c1429941 _d1429941 |
||